[Event "Leiden SB-ch 1920"]
[Site "Leiden"]
[Date "2020.02.21"]
[Round "5"]
[White "Berrevoets, Jeroen"]
[Black "Binnendijk, Daan"]
[Result "1/2-1/2"]
[WhiteElo "2012"]
[BlackElo "1834"]
[PlyCount "86"]
[EventDate "2019.11.08"]
[EventType "swiss"]
[EventRounds "7"]
[EventCountry "NED"]
[SourceTitle "EXT 2023"]
[Source "ChessBase"]
[SourceDate "2022.10.05"]
[SourceVersion "1"]
[SourceVersionDate "2022.10.05"]
[SourceQuality "1"]

1. e4 e6 2. d4 d5 3. Nd2 Nf6 4. e5 Nfd7 5. Bd3 c5 6. c3 Nc6 7. Ngf3 g6 8. 0-0 Bg7 9. Re1 0-0 10. Nf1 cxd4 11. cxd4 Qb6 12. Be3 f6 13. exf6 Nxf6 14. Ne5 Nh5 15. Qg4 Qxb2 16. Rac1 Nxe5 17. dxe5 Qxe5 18. Bh6 Qf6 19. Bxg7 Qxf2+ 20. Kh1 Nxg7 21. Ng3 Qf4 22. Qe2 Bd7 23. Qb2 Rac8 24. Rxc8 Bxc8 25. Qa3 Qd4 26. Be2 Nf5 27. Bf3 Nxg3+ 28. hxg3 a6 29. Rc1 Qe5 30. Qe7 Qf6 31. Qxf6 Rxf6 32. Rxc8+ Kg7 33. a4 Rf7 34. Kg1 Kf6 35. Kf2 Ke5 36. Ke3 Kd6 37. a5 Rc7 38. Rd8+ Ke5 39. Kd3 Rc5 40. Rd7 Rxa5 41. Rxb7 Ra3+ 42. Ke2 h5 43. Rb6 Ra5 1/2-1/2

[Event "Leiden SB-ch 1920"]
[Site "Leiden"]
[Date "2020.01.24"]
[Round "4"]
[White "Berrevoets, Jeroen"]
[Black "Vleming, Stefan"]
[Result "1-0"]
[WhiteElo "2012"]
[BlackElo "1774"]
[PlyCount "67"]
[EventDate "2019.11.08"]
[EventType "swiss"]
[EventRounds "7"]
[EventCountry "NED"]
[SourceTitle "EXT 2023"]
[Source "ChessBase"]
[SourceDate "2022.10.05"]
[SourceVersion "1"]
[SourceVersionDate "2022.10.05"]
[SourceQuality "1"]

1. e4 c5 2. Nf3 Nc6 3. Bb5 d6 4. 0-0 Bd7 5. Re1 g6 6. c3 Qb6 7. a4 Bg7 8. d4 a6 9. dxc5 dxc5 10. Bc4 e6 11. Be3 Qxb2 12. Ra2 Qb6 13. Qd6 Bf8 14. Qf4 Na5 15. Ne5 f6 16. Nxd7 Kxd7 17. Rd1+ Bd6 18. Rxd6+ Qxd6 19. Rd2 Nxc4 20. Rxd6+ Nxd6 21. Bxc5 Nf7 22. Qd2+ Kc6 23. Qb2 b5 24. Qb4 Ne5 25. Bf8 Rc8 26. axb5+ axb5 27. Qc5+ Kd7 28. Qxb5+ Nc6 29. Bg7 Nge7 30. Bxh8 Rxh8 31. Qb7+ Kd6 32. Nd2 Rb8 33. Qa6 Rb2 34. Nc4+ 1-0